000 01812cam a22003857a 4500
001 14252258
005 20170105102844.0
008 060202s2005 enkab b 000 0 eng d
010 _a 2006272236
020 _a1844072266
035 _a(OCoLC)ocm60786639
040 _aBID
_cBID
_dTXA
_dBAKER
_dIXA
_dTJC
_dDLC
042 _alccopycat
043 _ad------
050 0 0 _aRA644.M2
_bC56 2005
082 0 0 _a362.19693620091724
_222
245 0 0 _aComing to grips with malaria in the new millennium /
_cUN Millennium Project 2005, Task Force on HIV/AIDS, Malaria, TB, and Access to Essential Medicines, Working Group on Malaria ; Lead authors: Awash Teklehaimanot (Coordinator) ... [et. al.].
246 3 0 _aUN Millennium Project 2005
246 3 0 _aTask Force on HIV/AIDS, Malaria, TB, and Access to Essential Medicines
246 3 0 _aWorking Group on Malaria
260 _aLondon ; Sterling, Va. :
_bEarthscan,
_cc2005.
300 _axvii, 129 p. :
_bill., maps ;
_c26 cm.
500 _aSponsored by the United Nations Development Programme on behalf of the UN Development Group.
504 _aIncludes bibliographical references (p. [119]-129).
538 _aAlso available electronically on the World Wide Web.
650 0 _aMalaria
_zDeveloping countries
_xPrevention.
650 0 _aMalaria
_xPrevention
_xInternational cooperation.
700 0 _aAwash Teklehaimanot.
710 2 _aUN Millennium Project.
_bWorking Group on Malaria.
856 _uhttp://unmillenniumproject.org/reports/tf%5Fmalaria.htm
856 4 2 _3Contributor biographical information
_uhttp://www.loc.gov/catdir/enhancements/fy1111/2006272236-b.html
906 _a7
_bcbc
_ccopycat
_d2
_encip
_f20
_gy-gencatlg
942 _2ddc
_cBK
999 _c13989
_d13989